| 000 | 00896nam a2200253 a 4500 | ||
|---|---|---|---|
| 999 |
_c2971 _d2971 |
||
| 001 | 2971 | ||
| 003 | BD-JhCC | ||
| 005 | 20171123095959.0 | ||
| 008 | 171108s19531965bg a|||| ||a| 000 0 ben d | ||
| 035 | _a(BD-JhCC)2971 | ||
| 040 |
_aBD-JhCC _dBD-JhCC |
||
| 041 | _aben | ||
| 082 |
_a891.4409 _bEKU 1965 |
||
| 100 | _aএকুশে ফেব্রূয়ারী | ||
| 245 |
_aএকুশে ফেব্রূয়ারী / _cহাসান হাফিজুর রহান (সম্পা) |
||
| 260 |
_aঢাকা : _bপুঁথিপত্র প্রকাশনী, _c1965 |
||
| 260 |
_aঢাকা : _bসময় প্রকাশন, _c2001. |
||
| 300 |
_a232 p. : _c20 cm. |
||
| 650 | _aBengali Literature | ||
| 650 | _aCollection of Historical Essays | ||
| 700 | _aরহমান, হাসান হাফিজুর | ||
| 942 |
_2ddc _cBK |
||